LDR 00652naa#a2200181#i#450# 001 EN\\bibl\126718 005 20260630033806.2 011 ## _a2223-9987 100 ## _a20260629b2026####ek#y0engy0150####ca 102 ## _aRU 200 1# _aIntellectualization of Dynamic Monitoring Technologies for Railway Rolling Stock in China _eJournal article 210 1# _aSaint-Petersburg _cFSBEI HE "Emperor Alexander I St. Petersburg State Transport University" _d2026 215 ## _a15 с. 608 ## _aJournal article _2local 675 ## _aЭлектроподвижной состав. 629.423 _z 700 #1 _aShen' _gCzei 700 #1 _aCaplin _gAleksey Evgen'evich 856 4# _aatjournal.ru _u